000
00747nam a22001577a 4500
020
_a
0195684583
082
_a
302.230954
100
_a
Uday Sahay (Ed)
245
_a
Making news handbook of the media in contemporary India
260
_a
New Delhi
_b
Oxford university press
_c
2006.
300
_a
282p
942
_c
BK
999
_c
2848
_d
2848